000 00500 a2200169 4500
003 OSt
005 20240823125011.0
008 231018b |||||||| |||| 00| 0 eng d
020 _a9782745198372
040 _coclc
082 _a892.7
_bZAY/F
100 _aZayat, Ahmed Hasen
_98687
245 _aFEE DOOI RISALA ( ALWAN MINAL ADABI VA THAREEKH)
_cAhmad Hassan Al-Zayat
260 _b DKI,
_aBeirut:
_c2022
300 _a328 p
942 _2ddc
_cBK
_h892.7
_iZAY/F
_k892.7
_mZAY/F
999 _c42663
_d42663